|
|
|
|
| LEADER |
000000000a22000000004500 |
| 001 |
001877 |
| 003 |
CIICLA |
| 005 |
20140129094106.0 |
| 007 |
ta |
| 008 |
140129s1982 cu a|c|f |||| 000 0 spa d |
| 040 |
|
|
|c cru CIICLA Universidad de Costa Rica
|
| 041 |
0 |
|
|a español
|
| 092 |
0 |
|
|a 359.709.729.167 H673h
|
| 245 |
1 |
0 |
|a Historia de una usurpación
|b la base naval de Estados Unidos en la bahía de Guantánamo
|
| 260 |
|
|
|a La Habana, Cuba
|b Política
|c 1982
|
| 300 |
|
|
|a 84 páginas
|b 24 fotografías, retratos
|
| 500 |
|
|
|a número de inscripción 00980
|
| 650 |
|
4 |
|a BASE NAVAL
|
| 651 |
|
|
|a BAHIA GUANTANAMO (CUBA)
|
| 942 |
|
|
|2 ddc
|c BK
|
| 999 |
|
|
|c 2768
|d 2768
|